|
|
|
|
| LEADER |
03111njm a2200649 a 4500 |
| 001 |
000853659 |
| 003 |
CZ BrMZK |
| 005 |
20070629115837.0 |
| 007 |
sd fsngnnmmned |
| 008 |
070611s2007 xr mu g eng d |
| 028 |
0 |
3 |
|a RDCZ WM 05-05-ICF
|b Reader's Digest Výběr
|
| 028 |
0 |
3 |
|a RDCZ WM 05-05-ICB
|b Reader's Digest Výběr
|
| 028 |
0 |
3 |
|a RDCZ WM 05-05-1
|b Reader's Digest Výběr
|
| 028 |
0 |
3 |
|a RDCZ WM 05-05-2
|b Reader's Digest Výběr
|
| 028 |
0 |
3 |
|a RDCZ WM 05-05-3
|b Reader's Digest Výběr
|
| 028 |
0 |
2 |
|a RDCZ WM 05-05-ICF, RDCZ WM 05-05-ICB (RDCZ WM 05-05-1--RDCZ WM 05-05-3)
|b Reader's Digest Výběr
|
| 040 |
|
|
|a BOA001
|b cze
|
| 040 |
|
|
|a ABA001
|b cze
|
| 041 |
0 |
|
|d eng
|g cze
|
| 047 |
|
|
|a fm
|a pp
|a mc
|a cy
|a gm
|a jz
|
| 072 |
|
7 |
|a 784
|x Vokální hudba
|2 Konspekt
|9 9
|
| 080 |
|
|
|a 784.4(73)
|2 MRF
|
| 080 |
|
|
|a 784.4
|2 MRF
|
| 080 |
|
|
|a 782.8
|2 MRF
|
| 080 |
|
|
|a 78.036
|2 MRF
|
| 080 |
|
|
|a 783.8
|2 MRF
|
| 080 |
|
|
|a 78.036.9
|2 MRF
|
| 080 |
|
|
|a (086.76)
|2 MRF
|
| 245 |
0 |
0 |
|a Spojené státy americké
|h [zvukový záznam]
|
| 260 |
|
|
|a Praha :
|b Reader's Digest Výběr,
|c p2007
|
| 300 |
|
|
|a 3 zvukové desky (69:54, 74:56, 72:50) :
|b digital, stereo ;
|c 12 cm +
|e 1 brožura (24 s.)
|
| 306 |
|
|
|a 010954
|a 011456
|a 011250
|
| 490 |
1 |
|
|a Hudební pohlednice z celého světa
|
| 500 |
|
|
|a Názvy částí: Nejoblíbenější folkové písně, Kouzlo Broadwaye, Oblíbené country melodie, Nejkrásnější gospely a spirituály, Jazzové legendy
|
| 500 |
|
|
|a Kompaktní desky
|
| 505 |
2 |
0 |
|t If I had a hammer --
|t Tom Dooley --
|t 500 miles --
|t This land is your land --
|t Clementine --
|t You are my sunshine --
|t Oh! Susanna --
|t We shall overcome --
|t So long, it's been good to know you --
|t Blowin'in the wind --
|t <<The>> times they are a-changin' --
|t Home on the range --
|t Oh! What a beautiful morning --
|t Hello Dolly! --
|t Edelweiss --
|t Tonight --
|t People --
|t On the street where you live --
|t I wonder what the king is doing tonight? --
|t Ol'man river --
|t Tea for two --
|t Calot --
|t If ever I would leave you --
|t There's no business like show business --
|t Crazy --
|t If you could read my mind --
|t King of the road --
|t Rocky mountain high --
|t Rhinestone cowboy --
|t Jambalaya
|
| 511 |
0 |
|
|a V podání různých interpretů
|
| 530 |
|
|
|a Vydáno také na kazetách
|
| 650 |
0 |
7 |
|a americké lidové písně
|7 ph320417
|2 czenas
|
| 650 |
0 |
7 |
|a folkové písně
|7 ph224335
|2 czenas
|
| 650 |
0 |
7 |
|a muzikály
|7 ph123058
|2 czenas
|
| 650 |
0 |
7 |
|a country music
|7 ph224322
|2 czenas
|
| 650 |
0 |
7 |
|a gospel
|7 ph224344
|2 czenas
|
| 650 |
0 |
7 |
|a spirituály
|7 ph224464
|2 czenas
|
| 650 |
0 |
7 |
|a jazz
|7 ph121330
|2 czenas
|
| 655 |
|
7 |
|a kompaktní desky
|7 fd201991
|2 czenas
|
| 740 |
0 |
2 |
|a Nejoblíbenější folkové písně
|
| 740 |
0 |
2 |
|a Kouzlo Broadwaye
|
| 740 |
0 |
2 |
|a Oblíbené country melodie
|
| 740 |
0 |
2 |
|a Nejkrásnější gospely a spirituály
|
| 740 |
0 |
2 |
|a Jazzové legendy
|
| 830 |
|
0 |
|a Hudební pohlednice z celého světa
|
| 910 |
|
|
|a BOA001
|b CD-0013.906
|
| 990 |
|
|
|a AV
|
| 995 |
|
|
|a 01
|
| 991 |
|
|
|b 200706
|
| 996 |
6 |
|
|b 261H015374
|c CD-0013.906
|l MZK
|r Sklad / do 24 hodin
|n 0
|w 000853659
|u 000010
|a 1
|e BOA001
|j MZK50
|s P
|